-ent Definitions Quiz Stats

 Plays Quiz Updated Dec 22, 2019

Support Sporcle.
Go Orange.
Score 0/15 Timer 03:00
3 Plays Today
% Correct
Establishment
94.1%
Vent
93.6%
Incompetent
93.5%
Equipment
93.2%
Percent
93.1%
Succulent
93%
Atonement
91.4%
Belligerent
91.1%
% Correct
Imminent
90.5%
Judgment
90.3%
Subsequent
88.6%
Decent
85.5%
Urgent
84.9%
Inherent
83.8%
Irreverent
81.3%

You're not logged in!

Compare scores with friends on all Sporcle quizzes.
OR
Log In

From the Vault

Fake Toys II

by NO_r_WAY

It might be July, but it's never too early to start thinking about Christmas gifts.
Remove Ads.
Support Sporcle.
Get the best of Sporcle when you Go Orange. This ad-free experience offers more features, more stats, and more fun while also helping to support Sporcle. Thank you for becoming a member.

Show Comments

Extras

Top Quizzes Today


Score Distribution

Your Account Isn't Verified!

In order to create a playlist on Sporcle, you need to verify the email address you used during registration. Go to your Sporcle Settings to finish the process.

Report this User

Report this user for behavior that violates our Community Guidelines.

Details: